International Journal of Environmental & Science Education
Enregistré dans:
| Format: | Publication en série |
|---|---|
| Langue: | multilingue |
| Publié: |
Ankara
Look Academic Publishers
|
| Tags: |
Pas de tags, Soyez le premier à ajouter un tag!
|
MARC
| LEADER | 00000nas1a2200000 4500 | ||
|---|---|---|---|
| 001 | 0269935 | ||
| 005 | 20230323135300.4 | ||
| 022 | |a 1306-3065 | ||
| 041 | 0 | |a mul | |
| 044 | |a TR | ||
| 245 | 1 | 0 | |a International Journal of Environmental & Science Education |
| 264 | 1 | |a Ankara |b Look Academic Publishers | |